000 00694nam a22002417a 4500
999 _c8630
_d8630
003 AR-CdUCM
008 190325b ||||| |||| 00| 0 spa d
040 _aMUNICIPALIDAD PROVINCIAL DEL CUSCO
_cBIBLIOTECA MUNICIPAL DEL CUSCO
082 _a086 /
_bI25
100 _aIsben, Henrik
_924137
245 _aObras Inmortales :
_bCatilina /
260 _aMadrid :
_bE.D.A.F.,
_c1972
300 _a1811 páginas ;
_c17 cm
440 _aObras Inmortales
_924087
505 _aContenido: Cuentos
650 _aNovela
_95
650 _aLiteratura
_9416
650 _aClásicos
_98885
700 _aAlfredo Marqueríe
_924138
700 _aJ. Alvarez
_924139
942 _2ddc
_cLIBROS
945 _admma